000 00215nam a2200085Ia 4500
005 20250523150954.0
008 250523s9999 xx 000 0 und d
245 0 _aKarlı Dağlarda Tatil
_cJ. Mario Simmel
260 _bALTIN
999 _c11916
_d11916